| 000 | 00715nam a2200253Ia 4500 | ||
|---|---|---|---|
| 003 | OSt | ||
| 005 | 20220918202645.0 | ||
| 006 | a|||||r|||| 00| 0 | ||
| 007 | ta | ||
| 008 | 220917b |||||||| |||| 00| 0 eng d | ||
| 024 | _a102,869 | ||
| 037 | _cTextual | ||
| 040 |
_aARTS _cARTS _beng |
||
| 041 |
_2eng _aeng |
||
| 082 | _aV253,3.N37<-N19, M5 | ||
| 100 |
_aCharan Oneshwari _9104799 |
||
| 245 | 0 |
_aResponsible government _b A case study of Bihar 1919--1937 |
|
| 260 |
_aNew Delhi _bClassical _c1985 |
||
| 300 |
_avi, 245p. _ccm. |
||
| 500 | _aBiblipgraphy p236--247 | ||
| 650 | _aHISTORY | ||
| 942 |
_hV253,3.N37<-N19, M5 _cTEXL _2CC |
||
| 999 |
_c226315 _d226315 |
||